The neurocognition of translation and interpreting
Guardado en:
| Autor principal: | |
|---|---|
| Formato: | Libro |
| Lenguaje: | inglés |
| Publicado: |
Amsterdam, The Nederlands
John Benjamins Publishing Company
2019
|
| Colección: | Benjamins Translation Library
|
| Materias: | |
| Etiquetas: |
Agregar Etiqueta
Sin Etiquetas, Sea el primero en etiquetar este registro!
|
MARC
| LEADER | 00000cam a2200000 a 4500 | ||
|---|---|---|---|
| 001 | UCC9775 | ||
| 003 | CL-VaPUC | ||
| 005 | 20210506190533.0 | ||
| 008 | 191111e20190000ne eng d | ||
| 999 | |c 1691 |d 1691 | ||
| 020 | |a 9789027203397 | ||
| 040 | |c Pontificia Universidad Católica de Valparaíso | ||
| 082 | 0 | 4 | |a 418.02 GAR 2019 |2 21 |
| 100 | 1 | |a García, Adolfo M |e author |9 605093 | |
| 245 | 1 | 4 | |a The neurocognition of translation and interpreting |
| 260 | |a Amsterdam, The Nederlands |b John Benjamins Publishing Company |c 2019 | ||
| 300 | |a 268 páginas | ||
| 490 | 0 | |a Benjamins Translation Library | |
| 583 | |a last modification |c 20191111 01:17:00 |k cmena | ||
| 650 | 0 | 0 | |a Traducción e interpretación |9 315998 |
| 650 | 0 | 0 | |a Neurolingüística |2 CL-VaPUC |9 416341 |
| 650 | 0 | 0 | |a Investigación lingüística |9 329785 |
| 852 | |a BIBEDU | ||
| 942 | |c BK |2 ddc | ||
| 945 | |a cmena |d 20191111 01:17:00 | ||
| 952 | |0 0 |1 0 |2 ddc |3 erd |4 0 |6 418_020000000000000_GAR_2019 |7 0 |8 A |9 495354 |a BIBEDU |b BIBEDU |i 5562783 |l 4 |o 418.02 GAR 2019 |p 5562783 |r 2024-11-19 |s 2024-11-18 |w 2020-01-06 |y BK |z Catalogado en:20191111 |k CIT | ||